مكتبة جامعة عجلون الوطنية

فهرس بحث المكتبة

Normal view MARC view
  • شعر الهجاء العربي- الشعر العربي- تاريخ ونقد- العصر الاموي،661-750- جرير بن عطية بن حذيفة الخطفي،28-110- الفرزدق، همام بن غالب بن صعصعه،ت 110

Entry Topical Term

Number of records used in: 1

001 - CONTROL NUMBER

  • control field: 59043

003 - CONTROL NUMBER IDENTIFIER

  • control field: JO-AjAnu

005 - DATE AND TIME OF LATEST TRANSACTION

  • control field: 20230606083646.0

008 - FIXED-LENGTH DATA ELEMENTS

  • fixed length control field: 230606|| aca||aabn | a|a d

040 ## - CATALOGING SOURCE

  • Original cataloging agency: JO-AjAnu
  • Transcribing agency: JO-AjAnu

150 ## - HEADING--TOPICAL TERM

  • Topical term or geographic name entry element: شعر الهجاء العربي- الشعر العربي- تاريخ ونقد- العصر الاموي،661-750- جرير بن عطية بن حذيفة الخطفي،28-110- الفرزدق، همام بن غالب بن صعصعه،ت 110

670 ## - SOURCE DATA FOUND

  • Source citation: Work cat.: (JO-AjAnu)30117: تأليف: التميمي البصري، ابي عبيدة معمر بن المثنى؛ وضع حواشيه: خليل عمران المنصور, author 59042, كتاب النقائض: نقائض جرير والفرزدق، ج1